Finanzas capital de trabajo e inflación

Wedi'i Gadw mewn:
Manylion Llyfryddiaeth
Prif Awdur: Jiménez Bermejo, Patricio (autor)
Fformat: Llyfr
Iaith:Sbaeneg
Cyhoeddwyd: Valparaíso Universitarias de Valparaíso 1980
Pynciau:
Tagiau: Ychwanegu Tag
Dim Tagiau, Byddwch y cyntaf i dagio'r cofnod hwn!

MARC

LEADER 00000nam a2200000 a 4500
001 UCV6786
003 CL-VaPUC
008 901204e19800000CL |||||||||||||||||spa|d
082 0 4 |a 332.41  |b JIM  |2 21 
100 |a Jiménez Bermejo, Patricio  |e autor  |9 485010 
245 1 0 |a Finanzas capital de trabajo e inflación 
300 |a 175 p 
942 |c BK 
945 |d 19901204 00:00:00 
260 |a Valparaíso  |b Universitarias de Valparaíso  |c 1980 
650 0 |a Finanzas  |9 260832 
650 7 |a INFLACION Y CONTABILIDAD  |2 CL-VaPUC  |9 263729 
650 7 |a CAPITAL DE TRABAJO  |2 CL-VaPUC  |9 263730 
583 |a last modification  |c 19901204 00:00:00  |k Rodrigo Vera 
999 |c 212655  |d 212653 
952 |0 0  |1 0  |4 0  |6 332_410000000000000_JIM_1980  |7 0  |8 A  |9 193936  |a BIBING  |b BIBING  |d 2019-11-14  |i 2621282  |o 332.41 JIM 1980  |p 2621282  |r 2025-01-20  |w 2019-11-14  |y BK  |k EII 
952 |0 0  |1 0  |4 0  |6 332_410000000000000_JIM_1980  |7 0  |8 A  |9 193937  |a BIBGIM  |b BIBGIM  |d 2019-11-14  |i 2621304  |o 332.41 JIM 1980  |p 2621304  |r 2025-01-15  |w 2019-11-14  |y BK  |k COM 
952 |0 0  |1 0  |4 0  |6 332_410000000000000_JIM_1980  |7 0  |8 A  |9 193938  |a BIBGIM  |b BIBGIM  |d 2019-11-14  |i 1996746  |o 332.41 JIM 1980  |p 1996746  |r 2025-01-15  |w 2019-11-14  |y BK  |k COM 
952 |0 0  |1 0  |4 0  |6 332_410000000000000_JIM_1980  |7 0  |8 A  |9 193939  |a BIBGIM  |b BIBGIM  |d 2019-11-14  |i 1996797  |o 332.41 JIM 1980  |p 1996797  |r 2025-01-15  |w 2019-11-14  |y BK  |k COM 
952 |0 0  |1 0  |4 0  |6 332_410000000000000_JIM_1980  |7 0  |8 A  |9 193940  |a BIBGIM  |b BIBGIM  |d 2019-11-14  |i 199669K  |o 332.41 JIM 1980  |p 199669K  |r 2025-01-15  |w 2019-11-14  |y BK  |k COM 
952 |0 0  |1 0  |4 0  |6 332_410000000000000_JIM_1980  |7 0  |8 A  |9 193941  |a BIBGIM  |b BIBGIM  |d 2019-11-14  |i 1996649  |o 332.41 JIM 1980  |p 1996649  |r 2025-01-15  |w 2019-11-14  |y BK  |k COM 
952 |0 0  |1 0  |4 0  |6 332_410000000000000_JIM_1980  |7 0  |8 A  |9 193942  |a BIBGIM  |b BIBGIM  |d 2019-11-14  |i 1992732  |o 332.41 JIM 1980  |p 1992732  |r 2025-01-15  |w 2019-11-14  |y BK  |k COM